| 000 | 01293cam a2200313 4500 | ||
|---|---|---|---|
| 001 | 7070 | ||
| 003 | BD-RjUL | ||
| 005 | 20211208234348.0 | ||
| 008 | 140113s1969 enk b 000 0 eng d | ||
| 020 | _a0710061730 | ||
| 035 | _a(BD-RjUL)7112 | ||
| 040 |
_aDLC _cDLC _dDLC _d(BD-RjUL) _beng |
||
| 041 | _aeng | ||
| 082 | 0 | 0 |
_a361.609421 _bGOW |
| 100 | 1 |
_aGoetschius, George W. _922145 |
|
| 245 | 1 | 0 |
_aWorking with community groups: _busing community development as a method of social work / _cby George W. Goetschius; a report of the development of a service to housing estate community groups by the London Council of Social Service, based on 15 years of field work experience using the community development approach and method. |
| 260 |
_aLondon, _bRoutledge & Kegan Paul; _aNew York, _bHumanities P., _c1969. |
||
| 300 |
_axix, 250 p. ; _c23 cm. |
||
| 350 | _a35/- | ||
| 490 | 0 | _aInternational library of sociology and social reconstruction | |
| 504 | _aBibliography: p. 227-243. | ||
| 650 | 0 |
_aPublic welfare _zEngland _zLondon. _922146 |
|
| 650 | 0 |
_aCommunity organization _zEngland _zLondon. _922147 |
|
| 650 | 0 |
_aPublic housing _zEngland _zLondon. _922148 |
|
| 710 | 2 |
_aLondon Council of Social Service. _922149 |
|
| 942 |
_2ddc _cBK |
||
| 999 |
_c7070 _d7070 |
||